000 00187nam a22000977a 4500
041 _aeng
080 _a80
100 _aSmith, Philip
245 _aCliffs Notes: Ethan Frome
999 _c282189
_d282189
942 _cBK